000 00705nam a22002297a 4500
008 240702b mp ||||| |||| 00| 0 mon d
020 _a978-99973-1-819-0
035 _a27643
040 _aZA2481090
_bmon
_cMN-UlNLM
_dMN-UlNLM
_erda
041 _amon
042 _a59148
084 _2NNA
_a84/5энэт/-44
_bЧ-19
100 _aЧандар К.
245 0 _aУруугаа ургасан мод
264 _aУлаанбаатар
_bМонсудар ХГ
_c2021
300 _a151х.
336 _2rdacontent
_atext
_btxt
337 _2rdamedia
_aunmediated
_bn
338 _2rdacarrier
_avolume
_bnc
942 _2NNA
_cBK
999 _c1095305
_d1095362